zpět

Detail výsledku týmu

R.A.M., Jablonec nad Nisou

Datum a čas kvízu

29.5 Celkem bodů Celkový počet nahraných bodů na tomto kvízu bez doplňovacích otázek.
14. Pořadí na kvízu Konečné umístění týmu na tomto kvízu.

Zaznamenané odpovědi

# Otázka Odpověď Body Výsledky
1. Jistá česká osobnost získala m... Václav Havel 0
2. Slovensko míří k výrazné polit... Igor Matovič 1
3. Ve středu mělo na Berlínském f... Šarlatán 1
4. Akcionáři jedné mediální spole... CME, PPF 1
5. Londýnský fotbalový velkoklub... Olympiakos Pireus 0
6. Peníze máme v ruce každý den,... Padělání bankovek se trestá podle zákona. 1
7. Která z těchto osobností jako... A 0
8. Celkem kolikrát je na obou str... čtyřikrát 0
9. Kolik Kč činí nominální hodnot... 200 Kč 0
10. Které z mincí o hodnotě 1 až 5... všechny 1